| 000 -CABECERA |
| Longitud fija campo de control |
00598nam a2200169 a 4500 |
| 001 - NÚMERO DE CONTROL |
| Número de control |
3307 |
| 003 - IDENTIFICADOR DEL NÚMERO DE CONTROL |
| Identificador del número de control |
CDMR |
| 005 - FECHA Y HORA DE LA ÚLTIMA TRANSACCIÓN |
| Fecha y hora de la última transacción |
20130319195404.0 |
| 008 - CÓDIGOS DE INFORMACIÓN DE LONGITUD FIJA |
| Códigos de información de longitud fija |
130130s2007||||||||||||||||||||||||||||d |
| 020 ## - NÚMERO INTERNACIONAL NORMALIZADO PARA LIBROS |
| Número Internacional Normalizado para Libros (ISBN) |
9788496747135 |
| 040 ## - FUENTE DE LA CATALOGACIÓN |
| Centro catalogador de origen |
CDMR |
| Lengua de catalogación |
cat |
| Centro transcriptor |
CPC GIRONA |
| 245 00 - MENCIÓN DE TÍTULO |
| Título |
Rafael Masó i els noucentistes |
| Resto del título |
: epistolari |
| Mención de responsabilidad, etc. |
[compilador:] Narcís-Jordi Aragó Masó ; pròleg: Rosa Maria Gil i Tort ; transcripció i epíleg: Joan Vicens i Tarré i Dani Vivern Lladó |
| 260 ## - PUBLICACIÓN, DISTRIBUCIÓN, ETC. (PIE DE IMPRENTA) |
| Fecha de publicación, distribución, etc. |
2007 |
| Nombre del editor, distribuidor, etc. |
Diputació de Girona |
| 490 0# - MENCIÓN DE SERIE |
| Mención de serie |
Col·lecció Josep Pla |
| Designación de volumen o secuencia |
18 |
| 700 1# - PUNTO DE ACCESO ADICIONAL - NOMBRE DE PERSONA |
| 9 (RLIN) |
1065 |
| Nombre de persona |
Aragó, Narcís-Jordi |
| 942 ## - ENTRADA DE ELEMENTOS AGREGADOS (KOHA) |
| Koha [por defecto] tipo de item |
Monografies |
| Fuente de clasificaión o esquema |
|